000 00499nam a22001577a 4500
005 20251108175328.0
008 250721s1975 xx 000 0 ara d
082 1 4 _a218.32/دعا
100 1 _aعبد الجواد، احمد
_eجامع
245 1 0 _aالدعاء المستجاب من الحديث والكتاب /
264 _bدار النصر للطباعة والنشر،
_c1975.
300 _a192ص.
650 1 7 _aالادعية الاسلامية
942 _2ddc
_cBK
999 _c131561
_d131561